Statistics for USA States With No Map

Click here to take the quiz!

General Stats

  • This quiz has been taken 124 times
  • The average score is 45 of 50

Answer Stats

Answer% Correct
Alabama
100%
Alaska
98%
Arkansas
97%
Idaho
97%
Arizona
95%
California
95%
New York
95%
South Carolina
95%
Georgia
93%
Hawaii
93%
Maine
93%
North Carolina
93%
North Dakota
93%
South Dakota
93%
Vermont
93%
Florida
92%
Illinois
92%
Louisiana
92%
Nevada
92%
New Hampshire
92%
Texas
92%
Washington
92%
Delaware
90%
Iowa
90%
Michigan
90%
New Mexico
90%
Virginia
90%
Colorado
89%
Kansas
89%
Kentucky
89%
Massachusetts
89%
Montana
89%
Nebraska
89%
New Jersey
89%
Ohio
89%
Oregon
89%
Rhode Island
89%
West Virginia
89%
Connecticut
87%
Mississippi
87%
Utah
87%
Indiana
85%
Minnesota
85%
Missouri
85%
Oklahoma
85%
Tennessee
85%
Pennsylvania
84%
Wyoming
84%
Maryland
80%
Wisconsin
80%

Score Distribution

Percentile by Number Answered

Percent of People with Each Score

Your Score History

You have not taken this quiz